| 000 | 00840nam a22001817a 4500 | ||
|---|---|---|---|
| 003 | UA-OsUOA | ||
| 001 | 11133 | ||
| 007 | ta | ||
| 008 | 20050227b un ||||| |||| 00| 0 ukr d | ||
| 100 | _aКоток П. | ||
| 942 | _cSA | ||
| 040 |
_aUA-OsUOA _cUA-OsUOA _dUA-OsUOA |
||
| 245 |
_a"Не менш як півтори хвилини я утримував на лопатках свого суперника, а судді дивились і... мовчали" _b[Розмова з борцем-важковиком греко-римського стилю, засл. майстром спорту Петром Котком з Березного] / Розмовляв В. Федоров |
||
| 300 | _aС.6 | ||
| 955 | _a0 | ||
| 773 | 0 |
_w0 _tВільне слово _dРівне _d2005 _g№16/23 лют./ |
|
| 650 | 7 |
_aБоротьба _2UDC |
|
| 999 |
_c297294 _d297294 |
||